000 01031nam a2200277 a 4500
001 000038040
003 DO-SdBNP
005 20240315194914.0
008 090729s2012 dr 000 0 spa d
020 _a9993476935
040 _aDO-SdBNP
_bspa
_cBNPHU
082 4 _a320.97293
_bM766g, 2012
_222
100 1 _aMontás, Juan Temístocles
_d1950-
_979676
245 1 3 _aLa gran estafa :
_blo que estaba predicho /
_cJuan Temístocles Montás.
250 _a2a. ed.
260 _aSanto Domingo :
_bAlfa & omega,
_c2012.
300 _a451 p. ;
_c24 cm.
500 _aIncluye datos biográficos del autor en la solapa de la cubierta.
590 _aInventariado, 2018/LP
650 4 _aPresidentes
_zRepública Dominicana
_9599
651 4 _aRepública Dominicana
_xPolítica y gobierno
_y2000-2004
_914609
651 4 _aRepública Dominicana
_xCondiciones económicas
_y2000-2004
_914610
651 4 _aRepública Dominicana
_xCondiciones sociales
_y2000-2004
_914611
910 _aValidado. Control de calidad MFF
942 _2ddc
_cLBS1
999 _c37530
_d37530